[Event "40th Olympiad Women"]
[Site "Istanbul TUR"]
[Date "2012.09.05"]
[Round "8.2"]
[Board "4"]
[White "Ushenina, Anna"]
[Black "Pogonina, Natalija"]
[Result "1-0"]
[WhiteTitle "IM"]
[BlackTitle "WGM"]
[WhiteElo "2433"]
[BlackElo "2448"]
[WhiteTeam "Ukraine"]
[BlackTeam "Russia"]
[WhiteFideId "14110911"]
[BlackFideId "4147855"]
[EventDate "2012.08.28"]

1. d4 Nf6 2. c4 e6 3. Nc3 Bb4 4. e3 O-O 5. Bd3 c5 6. Nf3 b6 7. O-O Bb7 8. Na4
cxd4 9. a3 Bd6 10. exd4 Bxf3 11. Qxf3 Nc6 12. Be3 e5 13. c5 exd4 14. cxd6 dxe3
15. Qxe3 Re8 16. Qh3 Re6 17. Rad1 g6 18. Bc4 Re4 19. Bb3 Qf8 20. Nc3 Rd4 21.
Rxd4 Nxd4 22. Qh4 Nxb3 23. Qxf6 Qg7 24. Qe7 Nc5 25. Rd1 h6 26. h3 Rf8 27. Qe3
Kh7 28. b4 Ne6 29. Nd5 Rc8 30. Qf3 f5 31. Nc7 Qe5 32. Qb7 Rf8 33. Nxe6 Qxe6 34.
Qxa7 b5 35. Qb7 f4 36. Qxb5 f3 37. Qd5 Qe2 38. Qd3 Qb2 39. gxf3 Re8 40. Kf1 Qe5
41. Qd5 Qe2+ 42. Kg2 Re5 43. Qf7+ Kh8 44. Rc1 Re8 45. Qf6+ Kh7 46. Rc7 1-0

[Event "40th Olympiad Women"]
[Site "Istanbul TUR"]
[Date "2012.09.05"]
[Round "8.3"]
[Board "1"]
[White "Skripchenko, Almira"]
[Black "Matnadze, Ana"]
[Result "1-0"]
[WhiteTitle "IM"]
[BlackTitle "IM"]
[WhiteElo "2442"]
[BlackElo "2422"]
[WhiteTeam "France"]
[BlackTeam "Spain"]
[WhiteFideId "13900145"]
[BlackFideId "13601377"]
[EventDate "2012.08.28"]

1. e4 e5 2. Nf3 Nc6 3. Bc4 g6 4. c3 Bg7 5. d4 d6 6. dxe5 dxe5 7. Qa4 h6 8. b4
Qf6 9. Be3 Ne7 10. Nbd2 O-O 11. Rd1 g5 12. h4 g4 13. Ng1 Nd4 14. cxd4 exd4 15.
Bxd4 Qxd4 16. Ne2 Qf6 17. Ng3 Ng6 18. Nh5 Qd4 19. Qb3 Qe5 20. Nxg7 Kxg7 21. Qg3
Qxg3 22. fxg3 Ne5 23. O-O Bd7 24. Be2 Be6 25. Rc1 Rad8 26. Nc4 Bxc4 27. Bxc4 Rd4
28. Bb3 c6 29. b5 Rxe4 30. bxc6 bxc6 31. Rcd1 c5 32. Rf4 Re3 33. Rd5 Re8 34. Ba4
Re7 35. Bb5 Rc3 36. Bf1 c4 37. Rc5 f6 38. h5 Rc1 39. Kh2 Rd7 40. Be2 c3 41. Bxg4
Rb7 42. Bf5 Kf7 43. Ra4 Ke7 44. Rd4 a5 45. g4 Rb4 46. Rc7+ Ke8 47. Rd5 c2 48.
Rxa5 Rd1 49. Ra8+ Rd8 50. Rxd8+ Kxd8 51. Rc8+ Ke7 52. Rxc2 Nxg4+ 53. Kg3 Ne5 54.
Rc7+ Kf8 55. Ra7 Nc6 56. Ra6 Ne7 57. Bd3 Rd4 58. Rxf6+ Kg7 59. Rf3 Ra4 60. Bb1
Nd5 61. a3 Nf6 62. Bg6 Ra5 63. Kh4 Ra4+ 64. Kh3 Ra5 65. g4 Ra4 66. Bf5 Ra5 67.
Kg3 Ra4 68. Rb3 Kf8 69. Kf3 Kg7 70. Ke2 Kf7 71. Rg3 Ra5 72. Bg6+ Kg7 73. Bf5 Kf7
74. Rf3 Kg7 75. Kd2 Ra4 76. Kc2 Ra8 77. Rc3 Ra7 78. Kb2 Nd5 79. Rc6 Ne7 80. Rb6
Ra5 81. Be6 Kf6 82. Kb3 Re5 83. Bd7+ Kg5 84. Re6 Rxe6 85. Bxe6 Nc6 86. Kc4 Ne5+
87. Kd5 1-0

[Event "40th Olympiad Women"]
[Site "Istanbul TUR"]
[Date "2012.09.05"]
[Round "8.3"]
[Board "2"]
[White "Alexandrova, Olga"]
[Black "Milliet, Sophie"]
[Result "1/2-1/2"]
[WhiteTitle "IM"]
[BlackTitle "IM"]
[WhiteElo "2417"]
[BlackElo "2411"]
[WhiteTeam "Spain"]
[BlackTeam "France"]
[WhiteFideId "14102463"]
[BlackFideId "623725"]
[EventDate "2012.08.28"]

1. d4 Nf6 2. c4 e6 3. Nf3 b6 4. e3 Bb7 5. Bd3 c5 6. O-O Be7 7. Nc3 cxd4 8. exd4
d5 9. cxd5 Nxd5 10. Bb5+ Bc6 11. Bc4 O-O 12. Ne5 Nxc3 13. bxc3 Bd5 14. Bb3 Bxb3
15. axb3 Bd6 16. Qf3 Nd7 17. Nc4 Be7 18. Qb7 a5 19. Bf4 Qc8 20. Qf3 Qd8 21. Qc6
Rc8 22. Qb5 Nf6 23. Nxb6 Rxc3 24. Rxa5 Qe8 25. Na4 Qxb5 26. Rxb5 Rc2 27. Rc1
Rxc1+ 28. Bxc1 Nd5 29. Kf1 h6 30. Ke2 Rc8 31. Bd2 Bf6 32. Kd3 Rd8 33. Be3 e5 34.
Ke4 Nxe3 35. dxe5 Nxg2 36. exf6 gxf6 37. Nc3 Rd2 38. Rf5 Rb2 39. Nd5 Rxb3 40.
Nxf6+ Kf8 41. Rd5 1/2-1/2

[Event "40th Olympiad Women"]
[Site "Istanbul TUR"]
[Date "2012.09.05"]
[Round "8.3"]
[Board "4"]
[White "Hernandez Estevez, Yudania"]
[Black "Collas, Silvia"]
[Result "0-1"]
[WhiteTitle "WIM"]
[BlackTitle "IM"]
[WhiteElo "2252"]
[BlackElo "2261"]
[WhiteTeam "Spain"]
[BlackTeam "France"]
[WhiteFideId "2219344"]
[BlackFideId "2902265"]
[EventDate "2012.08.28"]

1. e4 c5 2. Nf3 Nc6 3. Bb5 Nf6 4. Nc3 g6 5. e5 Ng4 6. Bxc6 dxc6 7. h3 Nh6 8. O-O
Bg7 9. d3 O-O 10. a4 Nf5 11. Re1 Nd4 12. a5 Qc7 13. Bf4 Ne6 14. Bg3 Bd7 15. Ne4
b6 16. Qd2 Rad8 17. Ra4 Qb7 18. b3 Nd4 19. Nxd4 cxd4 20. Qb4 b5 21. Raa1 Bf5 22.
Nc5 Qc8 23. Qd2 Rd5 24. b4 h6 25. Re2 Rfd8 26. Rae1 Be6 27. Qf4 Rxc5 28. bxc5
Rd5 29. f3 Qd8 30. Bf2 Qxa5 31. Bxd4 Qd8 32. Bf2 a5 33. h4 h5 34. g4 Kh7 35.
gxh5 Bh6 36. hxg6+ fxg6 37. Qg3 Qf8 38. Re4 Bf5 39. Kg2 e6 40. Be3 Bxe4 41. fxe4
Rd7 42. Rf1 Rf7 43. Bxh6 Kxh6 44. Rg1 Kh7 45. d4 a4 46. d5 cxd5 47. exd5 Qxc5
48. Kh3 Qxc2 49. dxe6 Qf5+ 50. Qg4 Qxg4+ 51. Kxg4 Rf5 52. Rb1 Rxe5 53. e7 Rxe7
54. Rxb5 Ra7 55. h5 a3 56. hxg6+ Kxg6 57. Rb6+ Kf7 58. Rb1 Ke6 59. Kf4 Kd5 60.
Ke3 a2 61. Ra1 Ke5 0-1

[Event "40th Olympiad Women"]
[Site "Istanbul TUR"]
[Date "2012.09.05"]
[Round "8.4"]
[Board "1"]
[White "Muminova, Nafisa"]
[Black "Hoang, Thanh Trang"]
[Result "1/2-1/2"]
[WhiteTitle "WIM"]
[BlackTitle "GM"]
[WhiteElo "2329"]
[BlackElo "2464"]
[WhiteTeam "Uzbekistan"]
[BlackTeam "Hungary"]
[WhiteFideId "14201526"]
[BlackFideId "12400149"]
[EventDate "2012.08.28"]

1. e4 e6 2. f4 d5 3. e5 c5 4. Nf3 Nc6 5. c3 Nh6 6. Na3 Nf5 7. Nc2 d4 8. Bd3 Be7
9. Qe2 a6 10. b3 b5 11. Bb2 Bb7 12. Be4 Qd7 13. cxd4 cxd4 14. Bxf5 exf5 15.
Ncxd4 Nxd4 16. Bxd4 O-O 17. Be3 Be4 18. Kf2 Rac8 19. Rhc1 Bd3 20. Qd1 Ba3 21.
Rxc8 Rxc8 22. Ne1 Be4 23. d3 Bb7 24. Qe2 h6 25. Rd1 Qd5 26. Qf3 Qd7 27. Qe2 Qd5
28. Qf3 Qd7 29. Qe2 1/2-1/2

[Event "40th Olympiad Women"]
[Site "Istanbul TUR"]
[Date "2012.09.05"]
[Round "8.4"]
[Board "2"]
[White "Rudolf, Anna"]
[Black "Gevorgyan, Irina"]
[Result "0-1"]
[WhiteTitle "WGM"]
[BlackTitle "WFM"]
[WhiteElo "2289"]
[BlackElo "2178"]
[WhiteTeam "Hungary"]
[BlackTeam "Uzbekistan"]
[WhiteFideId "722855"]
[BlackFideId "14201437"]
[EventDate "2012.08.28"]

1. e4 c5 2. Nf3 e6 3. d4 cxd4 4. Nxd4 a6 5. Bd3 Nf6 6. O-O Qc7 7. Qe2 d6 8. c4
g6 9. Nc3 Bg7 10. Be3 Nbd7 11. Rfd1 Ne5 12. f3 O-O 13. Rac1 b6 14. b3 Bb7 15.
Bb1 Rac8 16. Qf2 Qb8 17. Nde2 Ned7 18. Bd3 Bc6 19. Nd4 Ba8 20. Bf1 Rfe8 21. b4
Ne5 22. Na4 d5 23. c5 bxc5 24. bxc5 dxe4 25. Bxa6 exf3 26. gxf3 Qa7 27. Bb5 Neg4
28. fxg4 Nxg4 29. Qe2 Nxe3 30. Qxe3 Qb7 31. Qe2 Bxd4+ 32. Rxd4 Qh1+ 33. Kf2 Qxc1
34. Bxe8 Rxe8 35. Qd1 Qg5 36. Qg4 Qf6+ 37. Qf4 Qe7 38. Qd6 Qb7 39. Nb6 Qf3+ 40.
Ke1 e5 41. Ra4 Bc6 42. Ra7 Bb5 43. Kd2 e4 44. Nd5 e3+ 45. Kc2 Kg7 46. Nc7 Qe2+
47. Kc1 Qc4+ 48. Kb1 Re4 49. Nd5 Qf1+ 50. Kb2 Qf2+ 51. Ka3 e2 52. Ra8 Be8 0-1

[Event "40th Olympiad Women"]
[Site "Istanbul TUR"]
[Date "2012.09.05"]
[Round "8.4"]
[Board "3"]
[White "Nadirjanova, Nodira"]
[Black "Gara, Anita"]
[Result "1/2-1/2"]
[BlackTitle "IM"]
[WhiteElo "2185"]
[BlackElo "2306"]
[WhiteTeam "Uzbekistan"]
[BlackTeam "Hungary"]
[WhiteFideId "14201232"]
[BlackFideId "709751"]
[EventDate "2012.08.28"]

1. d4 d6 2. Nf3 Bg4 3. e4 Nf6 4. Nc3 e6 5. h3 Bh5 6. Be2 Be7 7. d5 exd5 8. exd5
O-O 9. O-O Nbd7 10. Be3 Re8 11. a4 a6 12. a5 Nc5 13. b4 Nce4 14. Na4 Nd7 15. c4
Bf6 16. Ra3 Ne5 17. g4 Nxf3+ 18. Bxf3 Bg6 19. Bg2 Bh4 20. c5 Qe7 21. Bd4 f5 22.
Nc3 dxc5 23. Nxe4 cxd4 24. gxf5 Bxf5 25. Qxd4 Bxe4 26. Re3 Bf6 27. Qc4 Qd6 28.
Bxe4 Re5 29. b5 axb5 30. Qxb5 Qa6 31. Qxa6 Rxa6 32. Rb1 Rxa5 1/2-1/2

[Event "40th Olympiad Women"]
[Site "Istanbul TUR"]
[Date "2012.09.05"]
[Round "8.4"]
[Board "4"]
[White "Papp, Petra"]
[Black "Kurbonboyeva, Sarvinoz"]
[Result "1/2-1/2"]
[WhiteTitle "WGM"]
[WhiteElo "2302"]
[BlackElo "2143"]
[WhiteTeam "Hungary"]
[BlackTeam "Uzbekistan"]
[WhiteFideId "739049"]
[BlackFideId "14201780"]
[EventDate "2012.08.28"]

1. e4 c5 2. Nf3 g6 3. d4 cxd4 4. Nxd4 Nc6 5. c4 Nf6 6. Nc3 d6 7. Be2 Nxd4 8.
Qxd4 Bg7 9. Bg5 O-O 10. Qd2 a5 11. f3 a4 12. Rc1 Be6 13. Rc2 Qb6 14. Nd5 Bxd5
15. exd5 Rfc8 16. Be3 Qa5 17. Qxa5 Rxa5 18. Kd2 Nd7 19. g4 Raa8 20. h4 Rc7 21.
h5 Rac8 22. Rhc1 Nc5 23. h6 Bh8 24. Bf1 e6 25. g5 Re8 26. Bf4 e5 27. Be3 b6 28.
Re1 Rce7 29. Bg2 Kf8 30. Rb1 Ra7 31. Bf1 f5 32. gxf6 Bxf6 33. Be2 Ke7 34. Rcc1
Rf8 35. Bd3 Bh4 36. Be4 1/2-1/2

[Event "40th Olympiad Women"]
[Site "Istanbul TUR"]
[Date "2012.09.05"]
[Round "8.5"]
[Board "1"]
[White "Pham, Le Thao Nguyen"]
[Black "Harika, Dronavalli"]
[Result "1/2-1/2"]
[WhiteTitle "WGM"]
[BlackTitle "GM"]
[WhiteElo "2393"]
[BlackElo "2503"]
[WhiteTeam "Vietnam"]
[BlackTeam "India"]
[WhiteFideId "12401226"]
[BlackFideId "5015197"]
[EventDate "2012.08.28"]

1. Nf3 Nf6 2. c4 g6 3. g3 Bg7 4. Bg2 O-O 5. O-O c6 6. Nc3 d5 7. cxd5 cxd5 8. d4
Ne4 9. Qb3 Nc6 10. Rd1 Na5 11. Qb4 Nc6 12. Qb3 Nxc3 13. bxc3 Na5 14. Qb4 Bf5 15.
Ba3 Nc4 16. Nd2 Nxa3 17. Qxa3 b6 18. e3 Bg4 19. Rdc1 e5 20. Rab1 Be6 21. Nf3 Qc7
22. Nxe5 Bxe5 23. dxe5 Qxe5 24. Rb5 Rfd8 25. c4 Rac8 26. cxd5 a6 27. Rxb6 Bxd5
28. Bxd5 Rxc1+ 29. Qxc1 Qxd5 30. Qb1 a5 31. Rb8 h5 32. h4 Rxb8 33. Qxb8+ Kh7 34.
Qb3 Qd7 35. a4 Qc7 36. Qd5 Kg8 37. Kg2 Qb6 38. Qb5 Qd8 39. Qc6 Qb8 40. e4 Qb4
41. Kf3 Kg7 42. Ke3 Qe1+ 43. Kf3 Qd1+ 44. Kg2 Qd4 45. Qc2 Kg8 46. Kf3 Kg7 47.
Qb3 Kg8 48. Qb5 Qd1+ 49. Kg2 Qe1 50. Qe8+ Kg7 51. Qe5+ Kg8 52. Qd4 Qb4 53. Qxb4
axb4 54. a5 b3 55. a6 b2 56. a7 b1=Q 57. a8=Q+ Kg7 58. Qd5 Qa1 59. e5 Qa6 60.
Qd6 Qb7+ 61. Kh2 Qe4 62. Qf6+ Kg8 63. Qf4 Qd5 64. Qe3 Kg7 65. Qc3 Kg8 66. Qb2
Kh7 67. Qe2 Kg7 68. Qe3 Kg8 69. f3 Qa2+ 70. Kh3 Qe6+ 71. Kg2 Qa2+ 72. Qf2 Qc4
73. Qd2 Kg7 74. Kf2 Qc5+ 75. Qe3 Qc2+ 76. Qe2 Qc5+ 77. Kg2 Qd5 78. Kh2 Qd4 79.
g4 Qf4+ 80. Kg2 hxg4 81. fxg4 Qd4 82. Kf3 Qd5+ 83. Kg3 Qd4 84. Kh3 Qc3+ 85. Kh2
Qd4 86. Kg2 Qd5+ 87. Kf2 Qd4+ 88. Kf3 Qd5+ 89. Qe4 Qd1+ 90. Kf4 Qd8 91. Kg3 Qd2
92. h5 gxh5 93. gxh5 Qg5+ 94. Qg4 Kh6 95. Qxg5+ Kxg5 96. h6 Kxh6 97. Kg4 Kg6 98.
Kf4 Kg7 99. Ke4 1/2-1/2

[Event "40th Olympiad Women"]
[Site "Istanbul TUR"]
[Date "2012.09.05"]
[Round "8.5"]
[Board "3"]
[White "Le, Kieu Thien Kim"]
[Black "Tania, Sachdev"]
[Result "0-1"]
[WhiteTitle "WIM"]
[BlackTitle "IM"]
[WhiteElo "2226"]
[BlackElo "2379"]
[WhiteTeam "Vietnam"]
[BlackTeam "India"]
[WhiteFideId "12400572"]
[BlackFideId "5007844"]
[EventDate "2012.08.28"]

1. d4 Nf6 2. Nf3 e6 3. e3 b6 4. Bd3 Bb7 5. b3 c5 6. Bb2 Be7 7. Nbd2 O-O 8. O-O
cxd4 9. exd4 d6 10. c4 Nbd7 11. Re1 Re8 12. Rc1 Rc8 13. Bb1 Rc7 14. h3 Bf8 15.
a3 Qa8 16. Nf1 Bxf3 17. Qxf3 Qxf3 18. gxf3 Nh5 19. Ne3 g6 20. Rcd1 Rcc8 21. Kh2
Bg7 22. Be4 Ndf6 23. Bb7 Rc7 24. Ba6 Rd8 25. Ng4 Nd7 26. Bc1 Nb8 27. Bb5 a6 28.
Ba4 d5 29. Bg5 Rdc8 30. Ne3 h6 31. Bh4 Rb7 32. b4 dxc4 33. d5 e5 34. d6 b5 35.
Bc2 f5 36. Rg1 Nf4 37. Rxg6 Nxg6 38. Bxf5 Nxh4 39. Bxc8 Ra7 40. Kg3 Bf6 41. d7
Bd8 42. Rd6 c3 43. Kg4 Kf7 44. Rxh6 Nxd7 45. Rd6 Ke8 46. Bxa6 Ng2 47. Nc2 Ke7
48. Rc6 Nb8 49. Rxc3 Rxa6 50. Rc5 Rg6+ 51. Kf5 Nh4+ 52. Ke4 Nd7 53. Rxb5 Rd6 54.
a4 Rd2 55. Na3 Bb6 56. a5 Bxf2 0-1

[Event "40th Olympiad Women"]
[Site "Istanbul TUR"]
[Date "2012.09.05"]
[Round "8.5"]
[Board "4"]
[White "Gomes, Mary Ann"]
[Black "Pham, Bich Ngoc"]
[Result "1-0"]
[WhiteTitle "WGM"]
[BlackTitle "WIM"]
[WhiteElo "2396"]
[BlackElo "2172"]
[WhiteTeam "India"]
[BlackTeam "Vietnam"]
[WhiteFideId "5013623"]
[BlackFideId "12401285"]
[EventDate "2012.08.28"]

1. Nf3 g6 2. g3 Bg7 3. Bg2 f5 4. d4 Nf6 5. c4 O-O 6. O-O d6 7. Nc3 Nc6 8. d5 Na5
9. Nd2 c5 10. Rb1 Ng4 11. Qc2 Ne5 12. b3 a6 13. Bb2 Bd7 14. Nd1 f4 15. Ne4 b5
16. gxf4 Rxf4 17. e3 Nf3+ 18. Kh1 Rxe4 19. Bxf3 Rh4 20. Bxg7 Kxg7 21. Nb2 Kg8
22. Be4 Qf8 23. f4 Qh6 24. Rf2 Rh3 25. Rg1 Kf7 26. Qd2 Nb7 27. Nd3 b4 28. Rfg2
Rf8 29. Ne1 Ke8 30. Nf3 Qg7 31. Ng5 Rh6 32. Ne6 Bxe6 33. dxe6 Nd8 34. Qd5 Rf6
35. f5 Rh4 36. Qa8 Rxe4 37. Qxe4 gxf5 38. Qa8 Rg6 39. Rxg6 hxg6 40. Qc8 Qe5 41.
Qd7+ Kf8 42. Qxd8+ Kg7 43. Qxe7+ Kh8 44. Qe8+ 1-0

[Event "40th Olympiad Women"]
[Site "Istanbul TUR"]
[Date "2012.09.05"]
[Round "8.6"]
[Board "1"]
[White "Bojkovic, Natasa"]
[Black "Dzagnidze, Nana"]
[Result "0-1"]
[WhiteTitle "IM"]
[BlackTitle "GM"]
[WhiteElo "2392"]
[BlackElo "2547"]
[WhiteTeam "Serbia"]
[BlackTeam "Georgia"]
[WhiteFideId "908550"]
[BlackFideId "13601903"]
[EventDate "2012.08.28"]

1. e4 c5 2. Nf3 Nc6 3. Bb5 e6 4. O-O Nge7 5. c3 a6 6. Ba4 c4 7. d4 cxd3 8. Qxd3
b5 9. Bb3 Bb7 10. Rd1 Ng6 11. a4 b4 12. Nbd2 Nce5 13. Nxe5 Nxe5 14. Qg3 Qb8 15.
cxb4 h5 16. h3 h4 17. Qe3 Bxb4 18. Nf3 Rh5 19. Nd4 Ng6 20. Bc2 Qc7 21. Qe2 Rc5
22. Bd3 Nf4 23. Bxf4 Qxf4 24. Nf3 Ke7 25. Qf1 a5 26. Rac1 Rac8 27. Rxc5 Rxc5 28.
Qe2 g5 29. Nd4 Rc1 30. Nb5 Bc5 31. Rxc1 Qxc1+ 32. Kh2 Bc6 33. Nc3 Bd6+ 34. g3
Be5 35. Nb5 hxg3+ 36. fxg3 f5 37. Kg2 fxe4 38. Bxe4 Qxb2 0-1

[Event "40th Olympiad Women"]
[Site "Istanbul TUR"]
[Date "2012.09.05"]
[Round "8.6"]
[Board "3"]
[White "Rakic, Marija"]
[Black "Javakhishvili, Lela"]
[Result "1-0"]
[WhiteTitle "WIM"]
[BlackTitle "IM"]
[WhiteElo "2300"]
[BlackElo "2458"]
[WhiteTeam "Serbia"]
[BlackTeam "Georgia"]
[WhiteFideId "936286"]
[BlackFideId "13601458"]
[EventDate "2012.08.28"]

1. d4 d5 2. c4 e6 3. Nc3 c6 4. Nf3 dxc4 5. a4 Bb4 6. e4 b5 7. Bd2 a5 8. Qb1 Ba6
9. e5 Ne7 10. Qe4 Nd7 11. Qg4 Nf5 12. axb5 cxb5 13. d5 Nb6 14. d6 h5 15. Qe4 Qd7
16. Ng5 Bb7 17. Qf4 Bxc3 18. Bxc3 Nd5 19. Qd2 b4 20. Bd4 Qc6 21. Rc1 Nxd4 22.
Qxd4 c3 23. Bd3 Ba6 24. bxc3 Nxc3 25. O-O Qd5 26. Qf4 f5 27. exf6 Bxd3 28. Rxc3
bxc3 29. fxg7 O-O-O 30. gxh8=Q Rxh8 31. Rc1 c2 32. Qf6 Rd8 33. Qc3+ Kb7 34. Qc7+
Ka6 35. Qxd8 Bg6 36. Qc8+ Kb5 37. Qxe6 Qxg5 38. Qe3 Qxe3 39. fxe3 Kc6 40. Kf2
Kxd6 41. Ke2 a4 42. Kd2 Kc5 43. g3 a3 44. Kc3 a2 45. Kb3 Bd3 46. Kxa2 Kd5 47.
Kb2 Ke4 48. Re1 Kf3 49. Kc3 Bg6 50. Kd2 Kg2 51. e4 Kxh2 52. e5 Kg2 53. e6 Kf2
54. Re5 Be8 55. Rg5 Ba4 56. Rxh5 1-0

[Event "40th Olympiad Women"]
[Site "Istanbul TUR"]
[Date "2012.09.05"]
[Round "8.6"]
[Board "4"]
[White "Batsiashvili, Nino"]
[Black "Benderac, Ana"]
[Result "1/2-1/2"]
[WhiteTitle "WGM"]
[BlackTitle "WGM"]
[WhiteElo "2432"]
[BlackElo "2266"]
[WhiteTeam "Georgia"]
[BlackTeam "Serbia"]
[WhiteFideId "13602993"]
[BlackFideId "913464"]
[EventDate "2012.08.28"]

1. d4 d5 2. Nf3 Nf6 3. c4 dxc4 4. e3 e6 5. Bxc4 a6 6. a4 b6 7. O-O Bb7 8. Nc3 c5
9. Qe2 Nbd7 10. Rd1 Qc7 11. d5 exd5 12. Nxd5 Nxd5 13. Bxd5 Bxd5 14. Rxd5 Nf6 15.
Rd1 Qb7 16. e4 Qxe4 17. Qxe4+ Nxe4 18. Re1 f5 19. Ne5 Bd6 20. Nc4 O-O-O 21.
Nxb6+ Kb7 22. Nc4 Bc7 23. Be3 Rhe8 24. f3 Nd6 25. Nxd6+ Bxd6 26. Bg5 Rxe1+ 27.
Rxe1 Rd7 28. Re2 Kc6 29. g3 c4 30. Rc2 Bc5+ 31. Kg2 Kd5 32. Rd2+ Bd4 33. Be3 Kc5
34. Kf1 Rd5 35. Bg5 Bf6 36. Be3+ Kc6 37. Rc2 Rd3 38. Ke2 Kd5 39. b4 Rb3 40. Rd2+
Kc6 41. Bc5 Rb2 42. Rxb2 Bxb2 43. Kd2 Kd5 44. Kc2 Ba3 45. a5 g5 46. Bf8 h5 47.
Be7 Ke6 48. Bf8 Kd5 49. Be7 g4 50. fxg4 hxg4 51. Bf8 Kd4 52. Bc5+ Kd5 53. Bf8
Kd4 54. Bc5+ Ke5 1/2-1/2

[Event "40th Olympiad Women"]
[Site "Istanbul TUR"]
[Date "2012.09.05"]
[Round "8.7"]
[Board "2"]
[White "Krush, Irina"]
[Black "Jose, Rulp Ylem"]
[Result "1-0"]
[WhiteTitle "IM"]
[BlackTitle "WFM"]
[WhiteElo "2467"]
[BlackElo "2061"]
[WhiteTeam "United States of America"]
[BlackTeam "Philippines"]
[WhiteFideId "2012782"]
[BlackFideId "5205026"]
[EventDate "2012.08.28"]

1. c4 d6 2. Nc3 Nf6 3. d4 g6 4. e4 Bg7 5. Nf3 c6 6. Be2 O-O 7. O-O Na6 8. Be3
Nc7 9. Rc1 b6 10. h3 Bb7 11. a3 Nd7 12. Qd2 a6 13. Rfd1 d5 14. cxd5 cxd5 15. e5
f6 16. exf6 exf6 17. h4 Ne6 18. Bh6 Qe7 19. Bxg7 Kxg7 20. Re1 Qd6 21. Bf1 Rfe8
22. Re3 b5 23. Rce1 Nc7 24. h5 Rxe3 25. Rxe3 Re8 26. hxg6 hxg6 27. Bd3 Rxe3 28.
Qxe3 Qe6 29. Qf4 Ne8 30. Nh4 f5 31. Ne2 Nd6 32. Qc1 Nf8 33. Nf4 Qd7 34. Qe3 Ne4
35. f3 Nf6 36. Qe5 Qe8 37. Nh5+ Kh6 38. Nxf6 Qc6 39. Qe3+ f4 40. Qxf4+ Kg7 41.
Ng4 1-0

[Event "40th Olympiad Women"]
[Site "Istanbul TUR"]
[Date "2012.09.05"]
[Round "8.7"]
[Board "3"]
[White "Frayna, Janelle Mae"]
[Black "Goletiani, Rusudan"]
[Result "1/2-1/2"]
[BlackTitle "IM"]
[WhiteElo "1991"]
[BlackElo "2341"]
[WhiteTeam "Philippines"]
[BlackTeam "United States of America"]
[WhiteFideId "5212499"]
[BlackFideId "13601105"]
[EventDate "2012.08.28"]

1. c4 Nf6 2. g3 c6 3. Nf3 d5 4. Bg2 g6 5. b3 Bg7 6. Bb2 Qb6 7. Qc1 dxc4 8. bxc4
Ng4 9. d4 c5 10. h3 Nh6 11. Nc3 cxd4 12. Nd5 Qa5+ 13. Qd2 Qxd2+ 14. Kxd2 Na6 15.
Bxd4 Nf5 16. Bxg7 Nxg7 17. Rhd1 f6 18. e4 Kf7 19. e5 Ne6 20. exf6 exf6 21. Kc3
Nac5 22. Nd4 Nxd4 23. Kxd4 Ne6+ 24. Kc3 Rb8 25. Ne3 Nc5 26. Rd5 b6 27. Rad1 Be6
28. R5d4 b5 29. cxb5 Rxb5 30. Bc6 Rb6 31. Bd5 Rc8 32. Nc4 Na4+ 33. Kd3 Bxd5 34.
Rxd5 Rxc4 35. Kxc4 Nb2+ 36. Kc3 Nxd1+ 37. Rxd1 Ke6 38. Rd4 f5 39. Rh4 Rb7 40.
Ra4 Kd5 41. Kd3 Kc5 42. Kc3 Re7 43. Rc4+ Kb5 44. Rb4+ Ka5 45. Rh4 a6 46. Kd3 Kb5
47. Rd4 Re1 48. Rh4 h5 49. a4+ Ka5 50. Rc4 Re6 51. g4 fxg4 52. hxg4 hxg4 1/2-1/2

[Event "40th Olympiad Women"]
[Site "Istanbul TUR"]
[Date "2012.09.05"]
[Round "8.7"]
[Board "4"]
[White "Abrahamyan, Tatev"]
[Black "Docena, Jedara"]
[Result "1-0"]
[WhiteTitle "WGM"]
[WhiteElo "2303"]
[BlackElo "2061"]
[WhiteTeam "United States of America"]
[BlackTeam "Philippines"]
[WhiteFideId "13301918"]
[BlackFideId "5202361"]
[EventDate "2012.08.28"]

1. e4 Nc6 2. Nf3 Nf6 3. e5 Ng4 4. d4 d6 5. h3 Nh6 6. Bd3 Bf5 7. O-O Qd7 8. Nc3
O-O-O 9. exd6 exd6 10. d5 Ne5 11. Bb5 Qe7 12. Be3 a6 13. Be2 Nxf3+ 14. Bxf3 Qh4
15. b4 Qxb4 16. Ne2 Bd7 17. Rb1 Qa4 18. Qd2 a5 19. Nc3 Qh4 20. Bg5 Qc4 21. Be2
Qc5 22. Be3 Qa3 23. Rb3 Qxb3 24. axb3 Nf5 25. Nb5 Bxb5 26. Bxb5 b6 27. Qd3 Nxe3
28. Bc6 1-0

[Event "40th Olympiad Women"]
[Site "Istanbul TUR"]
[Date "2012.09.05"]
[Round "8.8"]
[Board "1"]
[White "Danielian, Elina"]
[Black "Foisor, Cristina-Adela"]
[Result "1-0"]
[WhiteTitle "GM"]
[BlackTitle "IM"]
[WhiteElo "2476"]
[BlackElo "2402"]
[WhiteTeam "Armenia"]
[BlackTeam "Romania"]
[WhiteFideId "13300210"]
[BlackFideId "1200496"]
[EventDate "2012.08.28"]

1. d4 Nf6 2. c4 g6 3. Nc3 Bg7 4. e4 d6 5. f4 O-O 6. Nf3 c5 7. d5 e6 8. Bd3 exd5
9. cxd5 a6 10. a4 Bg4 11. O-O Nbd7 12. h3 Bxf3 13. Qxf3 Ne8 14. Kh1 Nc7 15. a5
Rb8 16. e5 dxe5 17. f5 Ne8 18. Ne4 h6 19. Be3 Rc8 20. Bc4 g5 21. d6 Nef6 22.
Nxf6+ Nxf6 23. Qxb7 Rb8 24. Qc7 Ne4 25. Rfd1 Ng3+ 26. Kg1 Nxf5 27. Bxc5 e4 28.
Rf1 Ng3 29. Rxf7 Rxf7 30. Bxf7+ Kh8 31. Qxd8+ Rxd8 32. Rd1 Ne2+ 33. Kf1 Ng3+ 34.
Kf2 Nf5 35. d7 Bxb2 36. g4 Kg7 37. Bc4 Nh4 38. Bxa6 Ng6 39. Bb6 Bf6 40. Bb7 Rf8
41. Ke3 Bd8 42. Bxd8 Rxd8 43. a6 Ne5 44. a7 1-0

[Event "40th Olympiad Women"]
[Site "Istanbul TUR"]
[Date "2012.09.05"]
[Round "8.8"]
[Board "2"]
[White "Bulmaga, Irina"]
[Black "Mkrtchian, Lilit"]
[Result "1/2-1/2"]
[WhiteTitle "WIM"]
[BlackTitle "IM"]
[WhiteElo "2380"]
[BlackElo "2454"]
[WhiteTeam "Romania"]
[BlackTeam "Armenia"]
[WhiteFideId "13903063"]
[BlackFideId "13300601"]
[EventDate "2012.08.28"]

1. e4 e5 2. Nf3 Nc6 3. Bb5 a6 4. Ba4 Nf6 5. O-O Be7 6. Re1 b5 7. Bb3 d6 8. c3
O-O 9. h3 Nb8 10. d4 Nbd7 11. a4 Bb7 12. Nbd2 c5 13. d5 c4 14. Bc2 Nc5 15. Nf1
Nfd7 16. Ng3 g6 17. Bh6 Re8 18. a5 Bc8 19. Nh2 Bg5 20. Bxg5 Qxg5 21. Re3 Nf6 22.
Nf3 Qf4 23. Nd2 Ra7 24. b4 cxb3 25. Nxb3 Rc7 26. Nd2 Bd7 27. c4 b4 28. Nb3 Rb8
29. Nxc5 Rxc5 30. Bb3 Qg5 31. Ra2 h5 32. Ne2 h4 33. Nc1 Nh5 34. Nd3 Nf4 35. Nxf4
Qxf4 36. Rf3 Qg5 37. Kh2 Kg7 38. Kh1 f5 39. Re3 f4 40. Rd3 Qd8 41. Qa1 Rbc8 42.
Kh2 Rb8 43. f3 Rbc8 44. Rd1 Qg5 45. Rf1 Kf7 46. Kh1 Qd8 47. Kh2 Kg7 48. Kh1 Rb8
49. Kh2 Rcc8 50. Qe1 Rc5 51. Qa1 Qc7 52. Kh1 g5 53. Kh2 Rc8 54. Kh1 Rb8 1/2-1/2